| 000 | 00552nam a22002057a 4500 | ||
|---|---|---|---|
| 003 | NUST-PNEC | ||
| 005 | 20170114142519.0 | ||
| 008 | 140503b xxu||||| |||| 00| 0 eng d | ||
| 020 | _a0070664404 | ||
| 040 | _cPNEC | ||
| 082 | _a621.395 MAL | ||
| 100 |
_977 _aMalvino, Albert Paul |
||
| 245 |
_aDigital Principles and Applications _cAlbert Paul, Malvino |
||
| 250 | _a4th ed. | ||
| 260 |
_aNew York _bMcGraw-Hill; Internat.2r.e. _cc.1986 |
||
| 300 |
_a544 pages _bill. : _c23 cm. |
||
| 500 | _aIncludes Index | ||
| 650 | _xEE, EL | ||
| 942 |
_2ddc _cBK |
||
| 999 |
_c60060 _d60060 |
||